UK retail viewpoint (Record no. 84061)

MARC details
000 -LEADER
fixed length control field 00957cad a22001935a 4500
001 - CONTROL NUMBER
control field L156535
008 - FIXED-LENGTH DATA ELEMENTS--GENERAL INFORMATION
fixed length control field 120606s2012 xxk 000 0 eng d
035 ## - SYSTEM CONTROL NUMBER
System control number (Sirsi) u156535
041 0# - LANGUAGE CODE
Language code of text/sound track or separate title eng
100 1# - MAIN ENTRY--PERSONAL NAME
Personal name Teale, Mark
245 00 - TITLE STATEMENT
Title UK retail viewpoint
Remainder of title shop expansion and the internet May 2012
Medium [electronic resource]
260 ## - PUBLICATION, DISTRIBUTION, ETC.
Place of publication, distribution, etc. London
Name of publisher, distributor, etc. CBRE
Date of publication, distribution, etc. 2012
520 ## - SUMMARY, ETC.
Summary, etc. The Internet is widely portrayed as a destroyer of shops but its impact is different from the common perception. Far from undermining store demand the Internet has become a key strand in the stock-renewal process. It is reinforcing long-run market trends that are concentrating and consolidating market share in an elite group of high volume shopping destinations.
590 ## - LOCAL NOTE (RLIN)
Local note KA
651 #4 - SUBJECT ADDED ENTRY--GEOGRAPHIC NAME
Geographic name United Kingdom
690 ## - LOCAL SUBJECT ADDED ENTRY--TOPICAL TERM (OCLC, RLIN)
Topical term or geographic name as entry element Commercial property
9 (RLIN) 6227
856 40 - ELECTRONIC LOCATION AND ACCESS
Uniform Resource Identifier <a href="https://www.cbre.eu/portal/pls/portal/res_rep.show_report?report_id=1845">https://www.cbre.eu/portal/pls/portal/res_rep.show_report?report_id=1845</a>
Public note View this report at www.cbre.eu
942 ## - ADDED ENTRY ELEMENTS (KOHA)
Suppress in OPAC 0
Holdings
Withdrawn status Lost status Source of classification or shelving scheme Damaged status Not for loan Home library Current library Shelving location Date acquired Total Checkouts Full call number Barcode Date last seen Copy number Price effective from Koha item type
    Dewey Decimal Classification     Virtual Virtual Online 03/06/2012   ONLINE PUBLICATION 156535-2001 06/08/2019 1 06/08/2019 Book